000 00775nam a2200193Ia 4500
008 151121s9999||||xx |||||||||||||| ||und||
082 _a811/पाटण
082 _bHNW-12715
100 _aपाटणकर श्रीनिवास कृष्ण।
245 _aप्राजक्ताचीं फुलें
260 _b"रानडे दा।पां। प्रकाशन, पुणे"
260 _c--
300 _a70
600 _aपाटणकर श्रीनिवास कृष्ण।
630 _aप्राजक्ताचीं फुलें
700 _aपाटणकर श्रीनिवास कृष्ण।
730 _aप्राजक्ताचीं फुलें
942 _cBOOK
999 _c1217097
_d1217094